• 首页
  • 本馆介绍
  • 公告通知
  • 最新文献
  • 馆藏检索
  • 电子资源
  • 读者导购
  • 参考咨询
  • 我的图书馆
  • 登录
  • 详细信息显示
  • 放入我的书架
  • 预约/预借图书
  • 作者相关作品
  • 分类相关作品
  • 丛书相关作品
  • 出版社相关作品

书目信息

  • 表格格式
  • 工作单格式
  • 卡片格式
题名:
认知负荷理论及其在教学设计中的运用
    
 
作者: 孙崇勇 , 李淑莲 著
分册:  
出版信息: 北京   清华大学出版社  2017
页数: 221页
开本: 23cm
丛书名:
单 册:
中图分类: B841.7 , G44
科图分类:
主题词: 心理负荷--xin li fu he--应用--教育心理学--研究
电子资源:
ISBN: 978-7-302-45386-4
000 01117nam0 22002651 450
001 1754457902
005 20170516112211.0
010    @a978-7-302-45386-4@dCNY49.00
100    @a20161214d2017 em y0chiy50 ea
101 0  @achi
102    @aCN@b110000
105    @ay z 000yy
106    @ar
200 1  @a认知负荷理论及其在教学设计中的运用@9ren zhi fu he li lun ji qi zai jiao xue she ji zhong de yun yong@f孙崇勇,李淑莲著
210    @a北京@c清华大学出版社@d2017
215    @a221页@d23cm
300    @a2015年度教育部人文社会科学研究规划基金项目“认知负荷视阈下的中小学生学业负担研究”的研究成果之一
330    @a本书主要探讨了认知负荷理论的新进展,包括基本类型、学习效应、测量方法及与个体特征的关系等;在此基础上,介绍了作者近年来所做的关于认知负荷与教学设计的关系的三项实证研究;最后,对认知负荷理论的未来发展趋势做了展望。
606 0  @a心理负荷@9xin li fu he@x应用@x教育心理学@x研究
690    @aB841.7@v5
690    @aG44@v5
701  0 @a孙崇勇@9sun chong yong@f(1974~)@4著
701  0 @a李淑莲@9li shu lian@c(女,@f1980~)@4著
801  0 @aCN@b百万庄@c20170512
905    @b1004844-9@dB841.7@e1705@f6
    
    认知负荷理论及其在教学设计中的运用/孙崇勇,李淑莲著.-北京:清华大学出版社,2017
    221页;23cm
    2015年度教育部人文社会科学研究规划基金项目“认知负荷视阈下的中小学生学业负担研究”的研究成果之一
    
    ISBN 978-7-302-45386-4:CNY49.00
    本书主要探讨了认知负荷理论的新进展,包括基本类型、学习效应、测量方法及与个体特征的关系等;在此基础上,介绍了作者近年来所做的关于认知负荷与教学设计的关系的三项实证研究;最后,对认知负荷理论的未来发展趋势做了展望。
●
相关链接 在E读中查询图书 在五车中查询图书 在当当中查询图书 在豆瓣中查询图书


正题名:认知负荷理论及其在教学设计中的运用     索取号:B841.7/1705         预约/预借

序号 登录号 条形码 馆藏地/架位号 状态 备注
1 1004844   210048447   第一样本阅览室/ [索取号:B841.7/1705] 在馆    
2 1004845   210048456   教育系资料室/ [索取号:B841.7/1705] 在馆    
3 1004846   210048465   教育系资料室/ [索取号:B841.7/1705] 在馆    
4 1004847   210048474   教育系资料室/ [索取号:B841.7/1705] 在馆    
5 1004848   210048483   第一借阅区/ [索取号:B841.7/1705] 在馆    
6 1004849   210048492   第一借阅区/ [索取号:B841.7/1705] 在馆    
唐山师范学院图书馆 欢迎您!
大连网信软件有限公司© 版权所有